000 00355 a2200169 4500
001 156824
020 _a9788581841366
040 _cEscola São Tomás de Aquino
100 _aGÖPFERT, Kathrin
240 1 0 _aNão!
_lpor
245 1 0 _aNão!
300 _a32 p.
362 0 _a2018
440 1 _aGaudí
697 _a*LITERATURA INFANTO
942 _cBK
999 _c156824
_d156824